| 000 | 00508nam a2200157Ia 4500 | ||
|---|---|---|---|
| 003 | GCL | ||
| 008 | 140319s9999 xx 000 0 eng d | ||
| 040 |
_aGCL / _cGCL |
||
| 082 | 0 | 4 |
_a001. 434 _bMD |
| 100 | 1 |
_aPETER COLLIN PUBLISHING _vJt. author _@ _٠ؤÙ٠٠شار٠|
|
| 245 | 1 | 0 |
_aDESIGN AND ANALYSIS OF EXPERIMENTS, 3RD ED / _cPETER COLLIN PUBLISHING |
| 260 |
_a[S.N] : _bMacmillan Publishing Company ، _c1991 |
||
| 300 | _a649 PP | ||
| 650 | 0 | 4 | _aEXPERIMENTAL DESIGN |
| 942 |
_2ddc _cBK |
||
| 999 |
_c19245 _d19245 |
||